000 01323naa a2200325 c 4500
001 48695
999 _c48695
_d48695
003 ES-MaCES
005 20161221141904.0
008 161221s2016 sp ||||| t||||||| ||spa d
040 _aES-MaCES
_bspa
_cES-MaCES
_dES-MaCES
100 1 _936109
_aNavarro Cuéllar, Álvaro
245 1 0 _aEl Brexit y el Derecho del trabajo y de la Seguridad Social
_b: consecuencias derivadas de la salida del Reino Unido de la Unión Europea
_cAlvaro Navarro Cuéllar, Laura Sáiz Trillo
500 _aResumen
504 _aBibliografía: p. 301
650 4 _927165
_aderecho del trabajo
650 4 _927166
_alegislación del trabajo
650 4 _929855
_alegislación de seguridad social
650 4 _926967
_aReino Unido
650 4 _929906
_areferéndum
650 4 _929020
_apaís de la UE
650 4 _926701
_aEstado miembro
650 4 _927244
_aproblema político
650 4 _929866
_aderecho comunitario
650 4 _926752
_aUE
653 1 0 _aDerecho del trabajo y Seguridad Social
700 1 _937632
_aSáiz Trillo,Laura
773 0 _985495
_dMadrid (Ignacio Ellacuría, 3, 28017) Civitas
_o088393
_tNueva revista española de Derecho del trabajo
_w(ES-MaCES)25060
_gn. 190 (sept. 2016) {10040 R. 088393} ;p. 281-301
902 _aART Artículo de revista
942 _2CES
_cAR
_h6.0.1.